Statistics for [路線図付き] JR東日本 南武線 駅名穴埋めクイズ

Click here to take the quiz!

General Stats

  • This quiz has been taken 305 times
  • The average score is 22 of 30

Answers on the Map

Answers color-coded by a green-red scale on the quiz's map according to % correct below.
 

Answer Stats

Answer% Correct
南武線1JN01川崎
95%
南武線1JN07武蔵小杉
94%
南武線3JN26立川
93%
南武線2JN14登戸
92%
南武線3JN20府中本町
88%
南武線2JN10武蔵溝ノ口
88%
南武線1JN02尻手
84%
南武線1JN08武蔵中原
83%
南武線3JN21分倍河原
82%
南武線1JN09武蔵新城
82%
南武支線JN54浜川崎
79%
南武線2JN16稲田堤
76%
南武線2JN18稲城長沼
75%
南武線1JN04鹿島田
74%
南武線3JN25西国立
72%
南武支線JN51八丁畷
70%
南武線3JN23谷保
69%
南武線3JN19南多摩
66%
南武線1JN03矢向
65%
南武線3JN22西府
64%
南武線3JN24矢川
63%
南武線1JN06向河原
62%
南武支線JN53小田栄
62%
南武支線JN52川崎新町
59%
南武線2JN15中野島
58%
南武線2JN12久地
58%
南武線2JN17矢野口
57%
南武線2JN11津田山
56%
南武線1JN05平間
56%
南武線2JN13宿川原
54%

Score Distribution

Percentile by Number Answered

Percent of People with Each Score

Your Score History

You have not taken this quiz